000
00323nam a22001337a 4500
003
OSt
005
20220228153945.0
008
211224b |||||||| |||| 00| 0 eng d
040
_c
HU
082
_a
005.1
100
_a
Levitin
_9
23272
245
_a
Introduction To The Design & Analysis Of Algorithms
942
_2
ddc
_c
BOOKS
_n
0
999
_c
24070
_d
24070